ASP 3.0 và ASP.net

Saved in:
Bibliographic Details
Main Author: Nguyễn, Phương Lan
Format: Book
Language:Undetermined
Published: Hà Nội Giáo Dục 2001
Subjects:
Tags: Add Tag
No Tags, Be the first to tag this record!
Institutions: Trung tâm Học liệu Trường Đại học Cần Thơ
LEADER 00521nam a2200193Ia 4500
001 CTU_52973
008 210402s9999 xx 000 0 und d
020 |c 68000 
082 |a 005.276 
082 |b L105 
100 |a Nguyễn, Phương Lan 
245 0 |a ASP 3.0 và ASP.net 
245 0 |c Nguyễn Phương Lan 
260 |a Hà Nội 
260 |b Giáo Dục 
260 |c 2001 
650 |a Active server pages,Web sites 
650 |x Design 
980 |a Trung tâm Học liệu Trường Đại học Cần Thơ